Statistics for Country Factfile Puzzle Game #7

Click here to take the quiz!

General Stats

  • This quiz has been taken 73 times
  • The average score is 7 of 11

Answer Stats

Question Category Fact Answer % Correct
Name any country that shares a land border with El Salvador!Borders0Guatemala & Honduras
92%
On what peninsula would you find Spain and Portugal?Nominal GDP$32 millionIberian Peninsula
88%
By land area, what is the smallest country ending in "-stan"?Area26 km2Tajikistan
83%
What U.S. State has the largest Mormon population?DrivesLeftUtah
82%
Which country in South America doesn't have any National Parks?National Parks0Suriname
74%
What is the biggest city that lies on the Yangtze river?Letters6Shanghai
68%
What is the most populated country ending with the letter "Y"?Population10,640Germany
61%
UNKNOWN COUNTRYTuvalu
41%
What is the largest island in the English Channel?Coastline24 kmIsle of Wight
36%
Which country is closest to the point 0ºN 0ºE (Null Island)?Latitude10ºS to 5ºSGhana
33%

Score Distribution

Percentile by Number Answered

Percent of People with Each Score

Your Score History

You have not taken this quiz